Konsert terakhir

Bibliographic Details
Main Author: Abdullah Hussien
Format: Book
Published: Shah Alam : Marwilis Publisher , 1991

MARC

LEADER 00000cam a2200000 7i4500
001 0000008436
002 000009194
005 20000330.0
020 |a 9838311146 
090 0 0 |a F   |b ABD 
100 0 |a Abdullah Hussien 
245 1 0 |a Konsert terakhir   |c Abdullah Hussain 
260 |a Shah Alam :   |b Marwilis Publisher ,   |c 1991 
300 |a 294 p. ;   |c 17 cm. 
999 |a 023482   |b BUKU   |c PINJAMAN   |e PERPUSTAKAAN KOMUNITI PETALING JAYA